000 00727nam a22002177a 4500
005 20130913115457.0
010 _aENG-107812
020 _a9789380574356
_c4975.00
035 _aEN-91345
037 _bDBAD/PUB
082 _a954.3
245 _aSplendours of the betwa Valley heritage /
_cedited by Pukhraj Maroo [and] Om Prakash Misra
260 _aDelhi
_bBookwell
_c2012
270 _a3/79, Nirankari Colony
_bDelhi
_e110009
300 _axxxi, 389 p :
_c29cm(Hb)
_billustrations (chiefly color), maps (chiefly color) ;
500 _aIncludes bibliographical references
500 _aContributed articles
700 _a Maroo, Pukhraj
700 _aMisra, Om Prakash
942 _2ddc
_cEN
_mSPL
_h954.3
999 _c77181
_d77181